[Event "Turkey IS Bank Super League 2017"]
[Site "Darica-Kocaeli"]
[Date "2017.07.27"]
[Round "2.16"]
[White "Yurdakul, Didem Nuray"]
[Black "Sade, Defne"]
[Result "1-0"]
[WhiteElo "1697"]
[BlackElo "1654"]
[Annotator "NA"]
[PlyCount "67"]
[EventType "team-tourn"]
[EventCountry "TUR"]
[SourceTitle "playchess.com"]
[Source "ChessBase"]
[SourceQuality "1"]
[TimeControl "40/5400+30:1800+30"]

1. e4 {[%emt 0:00:30]} e5 {[%emt 0:01:00]} 2. Nf3 {[%emt 0:00:30]} Nc6 {[%emt 0:00:30]} 3. d4 {[%emt 0:00:30]} exd4 {[%emt 0:00:30]} 4. Bc4 {[%emt 0:00:30]} Bc5 {[%emt 0:00:30]} 5. c3 {[%emt 0:00:30]} Nf6 {[%emt 0:00:30]} 6. e5 {[%emt 0:00:00]} d5 {[%emt 0:00:00]} 7. Bb5 {[%emt 0:00:00]} Ne4 {[%emt 0:00:00]} 8. cxd4 {[%emt 0:00:00]} Bb4+ {[%emt 0:00:00]} 9. Bd2 {[%emt 0:00:00]} Nxd2 {[%emt 0:00:00]} 10. Nbxd2 {[%emt 0:00:00]} Bd7 {[%emt 0:00:00]} 11. Bxc6 {[%emt 0:06:00]} Bxc6 {[%emt 0:00:00]} 12. O-O {[%emt 0:00:30]} O-O {[%emt 0:00:00]} 13. a3 {[%emt 0:04:30]} Be7 {[%emt 0:00:00]} 14. Re1 {[%emt 0:03:30]} Qd7 {[%emt 0:07:30] [%clk 1:26]} 15. Qb3 {[%emt 0:10:30]} Rae8 {[%emt 0:01:30]} 16. Rac1 {[%emt 0:00:30]} Kh8 {[%emt 0:07:30]} 17. Qc3 {[%emt 0:01:30]} Qe6 {[%emt 0:04:30]} 18. Nb3 {[%emt 0:04:30]} f5 {[%emt 0:11:30]} 19. Na5 {[%emt 0:06:30]} Rb8 {[%emt 0:28:30]} 20. Nxc6 {[%emt 0:03:30]} bxc6 {[%emt 0:00:30]} 21. Qxc6 {[%emt 0:00:30]} Qxc6 {[%emt 0:00:30]} 22. Rxc6 {[%emt 0:00:00]} Rb7 {[%emt 0:07:30]} 23. Rec1 {[%emt 0:03:00]} Rfb8 {[%emt 0:03:30]} 24. Rxc7 {[%emt 0:03:30]} Rxc7 {[%emt 0:00:30]} 25. Rxc7 {[%emt 0:00:00]} Bxa3 {[%emt 0:00:30]} 26. Rxa7 {[%emt 0:02:00]} Bxb2 {[%emt 0:02:30]} 27. g3 {[%emt 0:01:30]} g5 {[%emt 0:01:30]} 28. Nxg5 {[%emt 0:05:30]} Bxd4 {[%emt 0:00:00]} 29. Rxh7+ {[%emt 0:00:30]} Kg8 {[%emt 0:00:00]} 30. Rd7 {[%emt 0:03:30]} Rb2 {[%emt 0:06:56]} 31. Rd8+ {[%emt 0:00:30]} Kg7 {[%emt 0:01:47]} 32. Ne6+ {[%emt 0:00:00]} Kf7 {[%emt 0:01:18]} 33. Nxd4 {[%emt 0:00:00]} Rb1+ {[%emt 0:00:35]} 34. Kg2 {[%emt 0:00:30]} 1-0

[Event "Turkey IS Bank Super League 2017"]
[Site "Darica-Kocaeli"]
[Date "2017.07.27"]
[Round "2.17"]
[White "Rozum, Ivan"]
[Black "Solak, Dragan"]
[Result "1/2-1/2"]
[WhiteElo "2573"]
[BlackElo "2624"]
[Annotator "TA"]
[PlyCount "79"]
[EventType "team-tourn"]
[EventCountry "TUR"]
[SourceTitle "playchess.com"]
[Source "ChessBase"]
[SourceQuality "1"]

{[%evp 11,79,9,31,6,8,-3,1,2,0,6,13,0,8,0,0,0,12,12,3,-9,0,0,0,0,0,0,0,0,0,-22,0,0,0,0,0,0,0,0,0,0,0,0,0,0,0,0,0,0,0,0,40,40,40,40,40,40,45,45,69,69,69,69,69,69,88,69,89,69,69,69]} 1. d4 d5 2. c4 c6 3. Nf3 Nf6 4. e3 Bg4 5. h3 Bh5 6. Nc3 e6 7. Qb3 {D11: Slav Defence: 3 Nf3 sidelines and 3...Nf6 4 e3 Bg4} (7. g4 Bg6 8. Ne5 Nbd7 9. Nxg6 hxg6 10. a3 g5 11. Bd2 g6 12. Qf3 a6 13. Bd3 dxc4 14. Bxc4 b5 15. Bf1 c5 {1-0 (50) Andreikin,D (2736)-Aronian,L (2780) Wijk aan Zee 2017}) 7... Qb6 8. Nh4 Be7 9. g4 {The position is equal.} Bg6 10. Nxg6 hxg6 11. Bg2 g5 12. O-O (12. c5 $5 {[%cal Rc5b6]} Qxb3 13. axb3 $11) 12... Nbd7 {[%cal Bb8d7,Bd7f8,Bf8g6,Bg6h4,Bh4g2][%mdl 32]} 13. Rd1 {[%cal Rc4d5]} Qxb3 14. axb3 a6 15. Bd2 $146 Rd8 16. Na4 Nf8 17. Nc5 Bxc5 18. dxc5 Ng6 19. Bc3 Nh4 20. f3 Rh7 21. Kf2 Nxg2 22. Kxg2 Nd7 23. cxd5 exd5 24. b4 f6 25. f4 gxf4 26. exf4 Kf7 27. Re1 Rhh8 28. Bd4 Rde8 (28... f5 $5) 29. Kg3 Rxe1 30. Rxe1 Re8 (30... g6 {looks sharper.} 31. h4 Nf8 32. f5 gxf5 33. gxf5 Nd7) 31. Rxe8 Kxe8 $14 {[%mdl 4096] Endgame KB-KN} 32. h4 {[%cal Bh3h4,Bh4h5,Bh5h6][%mdl 32]} Kf7 33. h5 f5 34. g5 g6 35. h6 {[#] Intending h7 and mate.} Kg8 36. Kf3 Kh7 37. Ke3 Kg8 38. Bg7 Kh7 39. Kd4 Kg8 $1 40. Kc3 {Precision: White = 65%, Black = 65%.} 1/2-1/2

[Event "Turkey IS Bank Super League 2017"]
[Site "Darica-Kocaeli"]
[Date "2017.07.27"]
[Round "2.18"]
[White "Maghsoodloo, Parham"]
[Black "Tukhaev, Adam"]
[Result "0-1"]
[WhiteElo "2584"]
[BlackElo "2558"]
[Annotator "TA"]
[PlyCount "104"]
[EventType "team-tourn"]
[EventCountry "TUR"]
[SourceTitle "playchess.com"]
[Source "ChessBase"]
[SourceQuality "1"]

{[%evp 18,104,22,-6,19,18,46,45,62,56,56,54,64,55,43,55,53,45,41,32,44,56,104,89,89,89,83,78,86,57,71,58,67,42,34,37,81,89,197,197,174,201,213,102,108,23,90,75,94,82,134,0,0,0,0,-75,-48,-101,-86,-273,-225,-227,-216,-211,-227,-227,-224,-201,-179,-269,-247,-246,-253,-341,-304,-427,-422,-670,-658,-642,-594,-943,-914,-913,-913,-1022,-1008,-1779,-1799]} 1. Nf3 Nf6 2. g3 g6 3. Bg2 Bg7 4. O-O O-O 5. c4 d6 6. Nc3 c5 7. d4 Nc6 8. d5 Na5 9. Nd2 a6 10. a4 Bf5 $146 {E66: King's Indian: Fianchetto: 6...c5 7 0-0 Nc6 8 d5} ({Predecessor:} 10... e6 11. Ra3 e5 12. Qc2 Ng4 13. h3 Nh6 14. Na2 f5 15. b4 cxb4 16. Nxb4 Bd7 17. e4 Rc8 18. Rc3 {½-½ (50) Brodowski,P (2437)-Slaby,J (2481) Wroclaw 2011}) 11. e4 Bg4 12. Qc2 Qc8 {White is slightly better.} 13. b3 e5 14. Bb2 Bd7 15. Nd1 b5 16. axb5 axb5 17. Ne3 b4 18. f4 Ne8 19. Nf3 {[%cal Rf4e5]} f6 20. Ne1 Nb7 21. Rxa8 Qxa8 22. Nd3 $36 {[%mdl 2048] Black is under strong pressure.} Nd8 23. Bf3 Qc8 24. Qe2 Nf7 25. Bg4 Bxg4 26. Nxg4 Nc7 27. h4 f5 (27... Nh6 $16 28. Ngf2 Qd7) 28. exf5 $18 gxf5 29. Ne3 (29. fxe5 fxg4 30. e6 Nh6 $11) 29... e4 30. Nf2 (30. Bxg7 $18 {and White stays clearly on top.} Kxg7 31. Nf2) 30... Ne8 31. Ra1 (31. g4 $16 Bxb2 32. Qxb2) 31... Qd7 (31... Nh6 $11 {remains equal.}) 32. Bxg7 $1 $16 Nxg7 33. g4 h5 {[#]} ({Black should try} 33... fxg4 34. Qxg4 (34. Nexg4 Kh8 $16) 34... Qxg4+ 35. Nfxg4 (35. Nexg4 Nf5 $14) 35... Nh5) 34. gxf5 ({But not} 34. gxh5 $6 Qe7 $11) (34. g5 $1 $16) 34... Qe7 $11 35. Ng2 (35. Qf1 $5 {[%cal Rf1g2]} Nh6 36. Qg2 Nhxf5 37. Nxf5 Rxf5 38. Nxe4 Rxf4 39. Ra8+ Kh7 40. Ng5+ Kg6 41. Qc2+ Nf5 42. Rg8+ Kh6 43. Rh8+ Kg6 44. Rg8+ Kh6 45. Rh8+ Kg6 46. Rg8+ $11) 35... Nh6 36. Qxe4 (36. Nxe4 $11 Ng4 37. f6 Nxf6 38. Nxf6+ Qxf6 39. Re1) 36... Qf6 $17 37. Ra7 (37. Ra2 $15) 37... Nhxf5 38. Rd7 $2 (38. Nh3 $17 {might work better.}) 38... Re8 39. Qd3 {[#]} Qc3 $1 40. Kh2 Qxd3 41. Nxd3 Re2 42. Kg1 Ne8 43. Nge1 (43. Rd8 $142) 43... Nxh4 44. Kf1 Re3 45. Ra7 Nf6 46. Ra2 (46. Ne5 $142 dxe5 47. fxe5) 46... Nf5 $19 {Black is clearly winning.} 47. Rd2 (47. Rf2 $142 Nd4 48. Rh2) 47... h4 {[%cal Bh5h4,Bh4h3][%mdl 32]} 48. Nc2 Rf3+ 49. Kg2 Rg3+ 50. Kh1 h3 51. Nce1 Ng4 52. Nf2 {[#]} Rg2 $1 {[%mdl 512] Precision: White = 42%, Black = 64%.} 0-1

[Event "Turkey IS Bank Super League 2017"]
[Site "Darica-Kocaeli"]
[Date "2017.07.27"]
[Round "2.19"]
[White "Bozbey, Ali"]
[Black "Abasov, Nijat"]
[Result "0-1"]
[WhiteElo "2139"]
[BlackElo "2577"]
[Annotator "TA"]
[PlyCount "84"]
[EventType "team-tourn"]
[EventCountry "TUR"]
[SourceTitle "playchess.com"]
[Source "ChessBase"]
[SourceQuality "1"]

{[%evp 12,84,7,-4,30,22,26,2,5,0,35,31,49,63,85,77,88,84,163,99,69,63,169,117,113,98,101,67,82,77,32,-54,79,38,20,0,0,-20,39,-39,133,-54,-30,-182,-194,-231,-168,-148,-196,-323,-319,-347,-361,-347,-337,-347,-347,-453,-264,-455,-450,-527,-518,-551,-539,-680,-681,-637,-647,-1219,-1157,-12831,-6295,-12836,-12837]} 1. e4 c5 2. Nc3 Nc6 3. g3 g6 4. Bg2 Bg7 5. d3 d6 6. Be3 Bd7 7. Qd2 Qc8 {B26: Closed Sicilian: 3 g3, lines with early Be3} 8. h3 Nd4 (8... b5 9. Nge2 b4 10. Nd1 Rb8 11. a3 a5 12. axb4 axb4 13. f3 Nd4 14. Nxd4 cxd4 15. Bf2 {1-0 (55) Narciso Dublan,M (2515)-Romanov,E (2638) Sitges 2014}) 9. Nd1 e5 $146 {The position is equal.} ({Find the theoretical novelty and annotate with similar games:} 9... Bc6 10. c3 Nf5 11. Ne2 Nxe3 12. Nxe3 Bd7 13. f4 f5 14. exf5 gxf5 15. d4 {0-1 (34) Grosse Honebrink,R-Hewig,D Germany 1994}) 10. c3 Nc6 (10... Ne6 {looks sharper.} 11. Nf3 b5 12. O-O Nf6 13. Nh4 Nh5) 11. Ne2 h5 12. d4 c4 13. f4 Nge7 14. Nf2 O-O {[#]} (14... b5 $16) 15. O-O-O (15. g4 $1 $18 {[%mdl 512]}) 15... exd4 $16 16. Nxd4 d5 ({Black should play} 16... b5 $1 $14) 17. exd5 ({White should try} 17. f5 $18) 17... Nxd4 18. Bxd4 (18. cxd4 Rd8 $15) 18... Bxd4 19. Qxd4 {Hoping for g4!} Nf5 20. Qd2 {g4 is the strong threat.} Nxg3 21. Rhe1 (21. Rhg1 $14) 21... Bf5 (21... Ba4 $15 22. d6 Bxd1) 22. Qe3 h4 23. Qe7 Qd8 24. Ng4 ({Don't go for} 24. Qxb7 $2 Qa5 $19) 24... Kg7 (24... Qxe7 $11 25. Rxe7 Kg7) 25. Qc5 (25. d6 $14 Re8 26. Bxb7) 25... Bd3 $2 (25... Qb6 $1 $15 {keeps the upper hand.} 26. Qxb6 (26. Qxc4 Rfe8 $17) 26... axb6) 26. Qd4+ $2 (26. d6 $16 {And now Re7 would win.} Qb6 27. Qd5 (27. Qe5+ f6 $11)) 26... f6 $15 27. Rxd3 $2 (27. Bf3 $11) 27... cxd3 $19 28. Qxd3 Re8 29. Rxe8 Qxe8 30. Kd2 (30. Bf3 {was necessary.}) 30... Qa4 31. Qd4 Qxd4+ 32. cxd4 {[%mdl 4096] Endgame KRN-KBN} Re8 33. Ne3 Nh5 34. d6 Rd8 (34... Nxf4 $142 {Threatens to win with ...Rd8.} 35. Bxb7 Nxh3) 35. Bxb7 $2 (35. Nd5 {keeps fighting.}) 35... Nxf4 {Black is clearly winning.} 36. Nc4 Nxh3 37. Bc6 Ng5 38. d7 h3 {[%cal Bh4h3,Bh3h2][%mdl 32]} 39. Ke2 h2 40. Nd6 {[#]} Rxd7 $1 {[%mdl 512]} 41. Nb5 (41. Bxd7 h1=Q) 41... Ne4 42. Bxe4 Re7 {Precision: White = 23%, Black = 43%.} 0-1

[Event "Turkey IS Bank Super League 2017"]
[Site "Darica-Kocaeli"]
[Date "2017.07.27"]
[Round "2.20"]
[White "Soylu, Suat"]
[Black "Karagollu, Ahmet"]
[Result "1/2-1/2"]
[WhiteElo "2348"]
[BlackElo "2083"]
[Annotator "NA"]
[PlyCount "68"]
[EventType "team-tourn"]
[EventCountry "TUR"]
[SourceTitle "playchess.com"]
[Source "ChessBase"]
[SourceQuality "1"]
[TimeControl "40/5400+30:1800+30"]

1. e4 {[%emt 0:00:30]} Nc6 {[%emt 0:01:00]} 2. Nf3 {[%emt 0:00:30]} e5 {[%emt 0:01:30]} 3. Bb5 {[%emt 0:00:30]} a6 {[%emt 0:00:00]} 4. Bxc6 {[%emt 0:00:30]} dxc6 {[%emt 0:00:00]} 5. O-O {[%emt 0:00:00]} Bg4 {[%emt 0:00:30]} 6. h3 {[%emt 0:00:00]} h5 {[%emt 0:00:30]} 7. d3 {[%emt 0:00:30]} Qf6 {[%emt 0:01:30]} 8. Be3 {[%emt 0:00:00]} Bxf3 {[%emt 0:03:30]} 9. Qxf3 {[%emt 0:00:00]} Qxf3 {[%emt 0:00:30]} 10. gxf3 {[%emt 0:00:30]} Bd6 {[%emt 0:00:30]} 11. Nd2 {[%emt 0:00:30]} Ne7 {[%emt 0:00:30]} 12. Rfb1 {[%emt 0:00:30] [%clk 1:31]} f6 {[%emt 0:23:30]} 13. b4 {[%emt 0:01:30]} Kf7 {[%emt 0:09:30]} 14. Kf1 {[%emt 0:02:30]} Ng6 {[%emt 0:01:30]} 15. Ke2 {[%emt 0:03:30]} Nf8 {[%emt 0:09:30]} 16. c3 {[%emt 0:06:30]} Ne6 {[%emt 0:00:30]} 17. a4 {[%emt 0:08:30]} Rhd8 {[%emt 0:02:30]} 18. Nb3 {[%emt 0:05:30]} b6 {[%emt 0:11:30]} 19. Ra2 {[%emt 0:07:30]} c5 {[%emt 0:05:30]} 20. bxc5 {[%emt 0:05:30]} Bxc5 {[%emt 0:00:30]} 21. Nxc5 {[%emt 0:01:30]} bxc5 {[%emt 0:00:30]} 22. Rab2 {[%emt 0:04:30]} Rd6 {[%emt 0:02:30]} 23. Rb8 {[%emt 0:24:30]} Rxb8 {[%emt 0:00:30]} 24. Rxb8 {[%emt 0:00:00]} Rb6 {[%emt 0:00:30]} 25. Ra8 {[%emt 0:00:00]} Kg6 {[%emt 0:02:30]} 26. a5 {[%emt 0:01:30]} Rd6 {[%emt 0:00:00]} 27. Rb8 {[%emt 0:05:30]} Kf7 {[%emt 0:02:00]} 28. Rb1 {[%emt 0:01:30]} Ke7 {[%emt 0:01:47]} 29. Rb8 {[%emt 0:02:20]} Rd8 {[%emt 0:01:03]} 30. Rb7 {[%emt 0:01:07]} Ra8 {[%emt 0:01:01]} 31. Rb1 {[%emt 0:05:15]} Kd6 {[%emt 0:01:59]} 32. Kd2 {[%emt 0:01:47]} Kc6 {[%emt 0:00:34]} 33. Kc2 {[%emt 0:00:00]} Rf8 {[%emt 0:01:09]} 34. Kd2 {[%emt 0:01:12]} Re8 {[%emt 0:02:21]} 1/2-1/2

[Event "Turkey IS Bank Super League 2017"]
[Site "Darica-Kocaeli"]
[Date "2017.07.27"]
[Round "2.21"]
[White "Karavade, Eesha"]
[Black "Mammadova, Gulnar"]
[Result "1/2-1/2"]
[WhiteElo "2397"]
[BlackElo "2357"]
[Annotator "NA"]
[PlyCount "67"]
[EventType "team-tourn"]
[EventCountry "TUR"]
[SourceTitle "playchess.com"]
[Source "ChessBase"]
[SourceQuality "1"]
[TimeControl "40/5400+30:1800+30"]

1. d4 {[%emt 0:00:30]} d5 {[%emt 0:01:00]} 2. c4 {[%emt 0:01:30]} c6 {[%emt 0:00:30]} 3. cxd5 {[%emt 0:00:00]} cxd5 {[%emt 0:00:30]} 4. Bf4 {[%emt 0:00:00]} Nc6 {[%emt 0:00:30]} 5. e3 {[%emt 0:00:30]} Nf6 {[%emt 0:00:30]} 6. Nc3 {[%emt 0:00:30]} Bf5 {[%emt 0:00:30]} 7. Qb3 {[%emt 0:00:00]} Na5 {[%emt 0:00:00]} 8. Qa4+ {[%emt 0:00:00]} Bd7 {[%emt 0:00:00]} 9. Qc2 {[%emt 0:00:30]} e6 {[%emt 0:00:30]} 10. Bd3 {[%emt 0:00:30]} Be7 {[%emt 0:00:30]} 11. Nf3 {[%emt 0:00:00]} Rc8 {[%emt 0:01:30]} 12. O-O {[%emt 0:00:00] LiveBook: 48 Games} O-O {[%emt 0:00:30]} 13. Ne5 {[%emt 0:03:30]} a6 {[%emt 0:03:30]} 14. Rac1 {[%emt 0:03:30]} Bb5 $11 {[%emt 0:02:30] [%clk 1:25]} 15. Bxb5 {[%emt 0:16:30]} axb5 {[%emt 0:00:30]} 16. Qe2 {[%emt 0:00:30]} b4 {[%emt 0:00:30]} 17. Na4 {[%emt 0:01:30]} Nc4 {[%emt 0:04:30]} 18. b3 {[%emt 0:15:30]} Nxe5 {[%emt 0:09:30]} 19. Bxe5 {[%emt 0:01:30]} Qa5 {[%emt 0:02:30]} 20. Bxf6 {[%emt 0:00:30]} Bxf6 {[%emt 0:08:30]} 21. Qd2 {[%emt 0:08:30]} Be7 {[%emt 0:06:30]} 22. Rxc8 {[%emt 0:10:30]} Rxc8 {[%emt 0:00:30]} 23. Rc1 {[%emt 0:00:30]} Rc7 {[%emt 0:01:30]} 24. Rc2 {[%emt 0:03:30]} g6 {[%emt 0:02:30]} 25. g3 {[%emt 0:02:30]} Bd6 {[%emt 0:04:30]} 26. Qc1 {[%emt 0:03:30]} Kf8 {[%emt 0:07:30]} 27. Rxc7 {[%emt 0:01:30]} Qxc7 {[%emt 0:01:30]} 28. Qxc7 {[%emt 0:00:30]} Bxc7 {[%emt 0:00:00]} 29. Nc5 {[%emt 0:00:30]} b6 {[%emt 0:00:00]} 30. Nd3 {[%emt 0:00:30]} Bd6 {[%emt 0:00:30]} 31. Kg2 {[%emt 0:01:30]} f6 {[%emt 0:01:30]} 32. f3 {[%emt 0:01:30]} Kf7 {[%emt 0:07:30]} 33. e4 {[%emt 0:01:30]} f5 {[%emt 0:02:30]} 34. e5 {[%emt 0:01:30]} 1/2-1/2

[Event "Turkey IS Bank Super League 2017"]
[Site "Darica-Kocaeli"]
[Date "2017.07.27"]
[Round "2.22"]
[White "Agdelen, Huseyin Can"]
[Black "Samani, Yamac"]
[Result "1/2-1/2"]
[WhiteElo "2309"]
[BlackElo "2263"]
[Annotator "NA"]
[PlyCount "60"]
[EventType "team-tourn"]
[EventCountry "TUR"]
[SourceTitle "playchess.com"]
[Source "ChessBase"]
[SourceQuality "1"]
[TimeControl "40/5400+30:1800+30"]

1. e4 {[%emt 0:00:30]} b6 {[%emt 0:02:00]} 2. d4 {[%emt 0:00:30]} Bb7 {[%emt 0:00:30]} 3. Nd2 {[%emt 0:00:30]} e6 {[%emt 0:00:30]} 4. Ngf3 {[%emt 0:01:30]} c5 {[%emt 0:00:30]} 5. c3 {[%emt 0:00:30]} Nf6 {[%emt 0:01:30]} 6. Bd3 {[%emt 0:00:30]} cxd4 {[%emt 0:00:30]} 7. cxd4 {[%emt 0:00:30]} Ba6 {[%emt 0:00:30]} 8. Bxa6 {[%emt 0:00:30]} Nxa6 {[%emt 0:00:30]} 9. O-O {[%emt 0:00:30]} Be7 {[%emt 0:00:30]} 10. Qe2 {[%emt 0:00:30]} Nc7 {[%emt 0:01:30]} 11. b3 {[%emt 0:01:30]} d5 {[%emt 0:01:30]} 12. e5 {[%emt 0:01:30]} Nd7 {[%emt 0:02:30]} 13. Bb2 {[%emt 0:00:30]} Qc8 {[%emt 0:00:30]} 14. Rfc1 {[%emt 0:00:30]} Qb7 {[%emt 0:00:30]} 15. Rc3 {[%emt 0:00:30]} O-O {[%emt 0:00:30]} 16. a3 {[%emt 0:01:30]} Rfc8 {[%emt 0:01:30]} 17. Rac1 {[%emt 0:00:30]} Na6 $11 {[%emt 0:03:30] [%clk 1:19]} 18. Rxc8+ {[%emt 0:04:30]} Rxc8 {[%emt 0:01:30]} 19. Rxc8+ {[%emt 0:00:30]} Qxc8 {[%emt 0:00:30]} 20. Qd3 {[%emt 0:00:30]} Qb7 {[%emt 0:00:30]} 21. Qc2 {[%emt 0:00:30]} g6 {[%emt 0:00:30]} 22. Ne1 {[%emt 0:00:30]} Nc7 {[%emt 0:00:30]} 23. Nd3 {[%emt 0:00:30]} a5 {[%emt 0:00:30]} 24. Kf1 {[%emt 0:01:30]} Kf8 {[%emt 0:00:30]} 25. Ke2 {[%emt 0:00:30]} Ke8 {[%emt 0:00:30]} 26. Kd1 {[%emt 0:00:00]} Kd8 {[%emt 0:00:30]} 27. Kc1 {[%emt 0:00:00]} Kc8 {[%emt 0:00:30]} 28. Kb1 {[%emt 0:00:30]} Kb8 {[%emt 0:00:30]} 29. Ka2 {[%emt 0:00:30]} Bf8 {[%emt 0:00:30]} 30. g3 {[%emt 0:00:30]} Ka7 {[%emt 0:00:00]} 1/2-1/2

[Event "Turkey IS Bank Super League 2017"]
[Site "Darica-Kocaeli"]
[Date "2017.07.27"]
[Round "2.23"]
[White "Tarlabasi, Emirhan"]
[Black "Tasdogen, Dincer"]
[Result "1-0"]
[WhiteElo "2046"]
[BlackElo "2215"]
[Annotator "NA"]
[PlyCount "69"]
[EventType "team-tourn"]
[EventCountry "TUR"]
[SourceTitle "playchess.com"]
[Source "ChessBase"]
[SourceQuality "1"]
[TimeControl "40/5400+30:1800+30"]

1. d4 {[%emt 0:00:30]} d6 {[%emt 0:01:00]} 2. e4 {[%emt 0:00:30]} Nc6 {[%emt 0:02:30]} 3. Be3 {[%emt 0:08:30]} g6 {[%emt 0:15:30] [%clk 1:12]} 4. d5 {[%emt 0:09:30]} Nb8 {[%emt 0:11:30]} 5. c4 {[%emt 0:01:30]} Bg7 {[%emt 0:02:30]} 6. Nc3 {[%emt 0:05:30]} c6 {[%emt 0:12:30]} 7. f3 {[%emt 0:08:30]} Nd7 {[%emt 0:07:30]} 8. Nge2 {[%emt 0:02:30]} h5 {[%emt 0:10:30]} 9. Nc1 {[%emt 0:06:30]} c5 {[%emt 0:06:30]} 10. Nd3 {[%emt 0:08:30]} Rb8 {[%emt 0:08:42]} 11. Be2 {[%emt 0:08:30]} a6 {[%emt 0:13:53]} 12. a4 {[%emt 0:06:30]} Bh6 {[%emt 0:01:36]} 13. Bxh6 {[%emt 0:02:30]} Nxh6 {[%emt 0:00:38]} 14. Qd2 {[%emt 0:00:00]} Ne5 {[%emt 0:02:01]} 15. Nf2 {[%emt 0:07:00]} Kf8 {[%emt 0:00:36]} 16. h3 {[%emt 0:00:30]} f6 {[%emt 0:00:29]} 17. f4 {[%emt 0:01:54]} Nef7 {[%emt 0:00:01]} 18. Nd3 {[%emt 0:02:22]} h4 {[%emt 0:00:56]} 19. Rf1 {[%emt 0:05:32]} Rg8 {[%emt 0:00:33]} 20. O-O-O {[%emt 0:03:50]} Qa5 {[%emt 0:00:31]} 21. b3 {[%emt 0:03:13]} Kg7 {[%emt 0:00:29]} 22. Kc2 {[%emt 0:04:32]} Bd7 {[%emt 0:00:28]} 23. Ra1 {[%emt 0:00:24]} Qc7 {[%emt 0:00:25]} 24. Ne1 {[%emt 0:01:24]} f5 {[%emt 0:00:34]} 25. Nf3 {[%emt 0:00:38]} fxe4 {[%emt 0:00:26]} 26. Nxh4 {[%emt 0:01:21]} Nf5 {[%emt 0:00:30]} 27. Nxf5+ {[%emt 0:00:30]} gxf5 {[%emt 0:00:00]} 28. g4 {[%emt 0:00:14]} Nh6 {[%emt 0:01:06]} 29. g5 {[%emt 0:00:43]} Nf7 {[%emt 0:00:04]} 30. h4 {[%emt 0:00:25]} e5 {[%emt 0:01:16]} 31. h5 {[%emt 0:00:37]} exf4 {[%emt 0:00:06]} 32. Qxf4 {[%emt 0:01:00]} Ne5 {[%emt 0:00:28]} 33. Nxe4 {[%emt 0:00:13]} fxe4 {[%emt 0:00:30]} 34. Qf6+ {[%emt 0:00:30]} Kh7 {[%emt 0:00:30]} 35. Qh6# {[%emt 0:00:07]} 1-0

[Event "Turkey IS Bank Super League 2017"]
[Site "Darica-Kocaeli"]
[Date "2017.07.27"]
[Round "2.24"]
[White "Celik, Eda"]
[Black "Yassibag, Ipek Asli"]
[Result "0-1"]
[WhiteElo "1939"]
[BlackElo "1880"]
[Annotator "NA"]
[PlyCount "132"]
[EventType "team-tourn"]
[EventCountry "TUR"]
[SourceTitle "playchess.com"]
[Source "ChessBase"]
[SourceQuality "1"]
[TimeControl "40/5400+30:1800+30"]

1. e4 {[%emt 0:00:30]} d5 {[%emt 0:01:00]} 2. exd5 {[%emt 0:00:30]} Nf6 {[%emt 0:00:30]} 3. d4 {[%emt 0:00:00]} Bg4 {[%emt 0:00:30]} 4. f3 {[%emt 0:00:00]} Bf5 {[%emt 0:00:30]} 5. g4 {[%emt 0:00:00]} Bg6 {[%emt 0:00:30]} 6. c4 {[%emt 0:00:00]} e6 {[%emt 0:06:30]} 7. Nc3 $14 {[%emt 0:00:30]} Qe7 {[%emt 0:20:30] [%clk 1:04]} (7... exd5 $14 8. g5 Nfd7) 8. g5 {[%emt 0:07:30]} Nfd7 {[%emt 0:05:30]} 9. Nge2 {[%emt 0:06:30]} Nb6 {[%emt 0:03:30]} 10. Qb3 {[%emt 0:06:30]} Bd3 {[%emt 0:03:30]} 11. c5 {[%emt 0:09:30]} Bc4 {[%emt 0:06:30]} 12. Qc2 {[%emt 0:06:30]} Bxe2 {[%emt 0:02:30]} 13. Bxe2 {[%emt 0:03:30]} Nxd5 {[%emt 0:00:30]} 14. Qb3 {[%emt 0:13:30]} c6 {[%emt 0:03:30]} 15. Nxd5 {[%emt 0:01:30]} exd5 {[%emt 0:02:30]} 16. Bf4 {[%emt 0:00:30]} Qd7 {[%emt 0:09:30]} 17. h4 {[%emt 0:09:30]} Be7 {[%emt 0:09:30]} 18. Kf2 {[%emt 0:07:30]} O-O {[%emt 0:02:55]} 19. Bd3 {[%emt 0:04:30]} Bd8 {[%emt 0:03:37]} 20. Qc2 {[%emt 0:00:30]} g6 {[%emt 0:03:54]} 21. Be5 {[%emt 0:05:59]} f6 {[%emt 0:01:08]} 22. gxf6 {[%emt 0:02:59]} Bxf6 {[%emt 0:00:08]} 23. Bxf6 {[%emt 0:07:06]} Rxf6 {[%emt 0:00:30]} 24. Rag1 {[%emt 0:00:02]} Na6 {[%emt 0:00:39]} 25. a3 {[%emt 0:01:57]} Raf8 {[%emt 0:01:14]} 26. Rg3 {[%emt 0:00:20]} Qf7 {[%emt 0:01:18]} 27. Rhh3 {[%emt 0:00:30]} Qe6 {[%emt 0:01:45]} 28. Kg2 {[%emt 0:03:00]} R8f7 {[%emt 0:03:37]} 29. h5 {[%emt 0:01:17]} Rg7 {[%emt 0:01:56]} 30. hxg6 {[%emt 0:00:33]} hxg6 {[%emt 0:00:09]} 31. Rh6 {[%emt 0:01:55]} Kf7 {[%emt 0:01:02]} 32. Qd2 {[%emt 0:00:31]} Nc7 {[%emt 0:01:13]} 33. Qg5 {[%emt 0:00:41]} Ne8 {[%emt 0:00:18]} 34. f4 {[%emt 0:00:28]} Qe1 {[%emt 0:02:02]} 35. f5 {[%emt 0:00:30]} Kg8 {[%emt 0:02:24]} 36. fxg6 {[%emt 0:00:37]} Rf2+ {[%emt 0:00:35]} 37. Kh3 {[%emt 0:00:30]} Qh1+ {[%emt 0:00:30]} 38. Kg4 {[%emt 0:00:00]} Qd1+ {[%emt 0:00:26]} 39. Kh3 {[%emt 0:00:25]} Nf6 {[%emt 0:01:00]} 40. Kh4 {[%emt 0:00:36]} Rh2+ {[%emt 0:30:30]} 41. Rh3 {[%emt 0:00:34]} Rxh3+ {[%emt 0:00:00]} 42. Kxh3 {[%emt 0:00:30]} Qxd3+ {[%emt 0:00:00]} 43. Kg2 {[%emt 0:02:30]} Qe2+ {[%emt 0:00:00]} 44. Kg1 {[%emt 0:01:30]} Qg4+ {[%emt 0:00:00]} 45. Qxg4 {[%emt 0:00:30]} Nxg4 {[%emt 0:00:00]} 46. Rh3 {[%emt 0:00:00]} Rxg6 {[%emt 0:00:00]} 47. Rb3 {[%emt 0:00:00]} Rg7 {[%emt 0:00:00]} 48. Kf1 {[%emt 0:00:30]} Nf6 {[%emt 0:00:00]} 49. Ke2 {[%emt 0:00:30]} Ne4 {[%emt 0:00:00]} 50. a4 {[%emt 0:01:30]} Kf8 {[%emt 0:00:00]} 51. a5 {[%emt 0:00:30]} a6 {[%emt 0:00:00]} 52. Rb6 {[%emt 0:00:30]} Ke8 {[%emt 0:00:00]} 53. Kf3 {[%emt 0:00:30]} Nd2+ {[%emt 0:00:00]} 54. Kf4 {[%emt 0:00:30]} Rf7+ {[%emt 0:00:00]} 55. Kg5 {[%emt 0:00:00]} Nc4 {[%emt 0:00:00]} 56. Rb3 {[%emt 0:00:00]} Nxa5 {[%emt 0:00:00]} 57. Re3+ {[%emt 0:00:00]} Re7 {[%emt 0:00:00]} 58. Rh3 {[%emt 0:00:00]} Nc4 {[%emt 0:00:00]} 59. b3 {[%emt 0:00:30]} Nd2 {[%emt 0:00:00]} 60. Rh8+ {[%emt 0:00:30]} Kd7 {[%emt 0:00:00]} 61. Rb8 {[%emt 0:00:30]} Kc7 {[%emt 0:00:00]} 62. Rh8 {[%emt 0:00:00]} Nxb3 {[%emt 0:00:00]} 63. Kf6 {[%emt 0:00:00]} Rd7 {[%emt 0:00:00]} 64. Ke5 {[%emt 0:00:00]} Re7+ {[%emt 0:00:00]} 65. Kf6 {[%emt 0:00:00]} Re4 {[%emt 0:00:00]} 66. Rh7+ {[%emt 0:00:30]} Kb8 {[%emt 0:00:00]} 0-1